[Event "Berlin Lichtenberger op 7th"]
[Site "Berlin"]
[Date "2008.08.23"]
[Round "8"]
[White "Roth, Joachim"]
[Black "Dvorsky, Rudolf"]
[Result "1-0"]
[WhiteElo "1861"]
[BlackElo "1794"]
[PlyCount "61"]
[EventDate "2008.08.16"]
[EventType "swiss"]
[EventRounds "9"]
[EventCountry "GER"]
[SourceTitle "CBM 126 Extra"]
[Source "ChessBase"]
[SourceDate "2008.11.05"]
[SourceVersion "1"]
[SourceVersionDate "2008.11.05"]
[SourceQuality "1"]

1. d4 Nf6 2. Nf3 g6 3. e3 Bg7 4. Bd3 d6 5. c3 0-0 6. 0-0 c5 7. b4 Re8 8. Bb2 b6 9. Nbd2 Bb7 10. e4 c4 11. Bxc4 Nxe4 12. Bxf7+ Kxf7 13. Nxe4 Bxe4 14. Ng5+ Kg8 15. Nxe4 d5 16. Nd2 Nd7 17. a4 Rc8 18. f4 e6 19. Nf3 Nf6 20. Qd3 Ne4 21. Ne5 Bxe5 22. fxe5 Rf8 23. b5 Qg5 24. Rxf8+ Rxf8 25. Bc1 Qf5 26. Be3 Rc8 27. Rf1 Qh5 28. c4 Rxc4 29. Qa3 Rc8 30. Qe7 Kh8 31. Rf8+ 1-0

[Event "Berlin Herbst op"]
[Site "Berlin"]
[Date "2007.10.16"]
[Round "3"]
[White "Roth, Joachim"]
[Black "Jahnz, Fabian"]
[Result "0-1"]
[WhiteElo "1874"]
[BlackElo "2193"]
[PlyCount "101"]
[EventDate "2007.10.14"]
[EventType "swiss"]
[EventRounds "9"]
[EventCountry "GER"]
[SourceTitle "EXT 2008"]
[Source "ChessBase"]
[SourceDate "2007.11.25"]
[SourceVersion "1"]
[SourceVersionDate "2007.11.25"]
[SourceQuality "1"]

1. f4 d5 2. Nf3 Nf6 3. e3 c5 4. d4 Nc6 5. c3 Bf5 6. Bd3 e6 7. 0-0 Be7 8. Qe2 0-0 9. Nbd2 Qc7 10. Ne5 Nd7 11. g4 Bxd3 12. Nxd3 b5 13. Nf3 c4 14. Nf2 b4 15. Bd2 bxc3 16. bxc3 Rab8 17. Rfb1 Qa5 18. Be1 Nb6 19. Qc2 Na4 20. e4 Ba3 21. Rxb8 Rxb8 22. Nd1 Nb2 23. Rb1 Nxd1 24. Rxb8+ Nxb8 25. Qxd1 dxe4 26. Qb1 exf3 27. Qxb8+ Bf8 28. Qb1 h5 29. h3 Qd5 30. Kf2 Bd6 31. Bd2 hxg4 32. hxg4 f5 33. gxf5 exf5 34. Qd1 Kf8 35. Qxf3 Qxf3+ 36. Kxf3 Ke7 37. Be3 Ke6 38. d5+ Kxd5 39. Bxa7 Kc6 40. Be3 Kb5 41. Ke2 Ka4 42. Kd1 Be7 43. Kc2 Ka3 44. Kb1 Bh4 45. Bc1+ Ka4 46. Kc2 Kb5 47. Kd2 Kc6 48. Ke2 Kd5 49. Kf3 Be1 50. Bb2 Bd2 51. a4 0-1

[Event "Berlin Herbst op"]
[Site "Berlin"]
[Date "2007.10.14"]
[Round "1"]
[White "Roth, Joachim"]
[Black "Lueders, Gerhard"]
[Result "1/2-1/2"]
[WhiteElo "1874"]
[BlackElo "2282"]
[PlyCount "137"]
[EventDate "2007.10.14"]
[EventType "swiss"]
[EventRounds "9"]
[EventCountry "GER"]
[SourceTitle "EXT 2008"]
[Source "ChessBase"]
[SourceDate "2007.11.25"]
[SourceVersion "1"]
[SourceVersionDate "2007.11.25"]
[SourceQuality "1"]

1. f4 d5 2. Nf3 g6 3. e3 Bg7 4. d4 Nh6 5. Bd3 c5 6. c3 cxd4 7. exd4 0-0 8. 0-0 Bf5 9. Be3 Ng4 10. Qe2 e6 11. Nbd2 Re8 12. Ne5 h5 13. Ndf3 Bh6 14. Rae1 Kg7 15. Bc1 a6 16. h3 Nf6 17. Ng5 Re7 18. Nexf7 Rxf7 19. Bxf5 Bxg5 20. fxg5 exf5 21. gxf6+ Qxf6 22. Qe5 Qxe5 23. Rxe5 Nd7 24. Rxd5 Re8 25. Bg5 Re2 26. Rf2 Re1+ 27. Kh2 Re6 28. b3 b5 29. c4 bxc4 30. bxc4 Nb6 31. Rc5 Na4 32. Ra5 Nc3 33. Rc2 Ne4 34. Bf4 Rd7 35. Be5+ Kf7 36. c5 Rd5 37. Ra3 Rc6 38. Rb3 g5 39. Rb7+ Ke6 40. Bg7 Rd8 41. Rb6 Rdc8 42. Rcb2 Kd5 43. Rb7 R8c7 44. Kg1 g4 45. hxg4 fxg4 46. Rxc7 Rxc7 47. Be5 Rc6 48. Rb6 a5 49. Kf1 h4 50. a3 Rxb6 51. cxb6 Kc6 52. Bc7 Nc3 53. Bd8 h3 54. gxh3 gxh3 55. Kf2 Nb5 56. d5+ Kb7 57. Be7 Kxb6 58. Kg3 a4 59. Kxh3 Nc3 60. d6 Kc6 61. Kg2 Nb5 62. d7 Kxd7 63. Bb4 Ke6 64. Kf2 Kd5 65. Ke2 Kc4 66. Kd2 Kb3 67. Kc1 Ka2 68. Bf8 Nd4 69. Bd6 1/2-1/2

[Event "Berlin op 09"]
[Site "Berlin"]
[Date "2004.10.18"]
[Round "7"]
[White "Roth, Joachim"]
[Black "Guenther, Thomas"]
[Result "1/2-1/2"]
[WhiteElo "1870"]
[BlackElo "2044"]
[PlyCount "81"]
[EventDate "2004.09.06"]
[EventType "swiss"]
[EventRounds "7"]
[EventCountry "GER"]
[SourceTitle "EXT 2007"]
[Source "ChessBase"]
[SourceDate "2006.11.23"]
[SourceVersion "1"]
[SourceVersionDate "2006.11.23"]
[SourceQuality "1"]

1. f4 d5 2. Nf3 Nf6 3. e3 e6 4. d4 Be7 5. Bd3 b6 6. 0-0 Bb7 7. Ne5 Ne4 8. Nd2 0-0 9. Ndf3 f6 10. Ng4 Nd7 11. Bd2 c5 12. c4 Rc8 13. Rc1 Qe8 14. Nf2 Kh8 15. Qe2 Qh5 16. Bc3 Rc7 17. dxc5 Ndxc5 18. Nd4 Qf7 19. cxd5 Bxd5 20. Bb1 Nxf2 21. Qxf2 Ne4 22. Qc2 f5 23. Nf3 Bf6 24. Ne5 Bxe5 25. fxe5 Rfc8 26. Qa4 Nxc3 27. bxc3 Rc4 28. Qa6 Qc7 29. Rce1 Bb7 30. Qa3 Rxc3 31. Qd6 Qxd6 32. exd6 Rd8 33. e4 Bxe4 34. Bxe4 fxe4 35. Rxe4 Kg8 36. Rxe6 Rd3 37. Re7 R3xd6 38. Rxa7 R6d7 39. Rxd7 Rxd7 40. Rb1 Rd6 41. Rb2 1/2-1/2